Stropná konštrukcia administratívnej budovy
Na minha lista:
| Autor principal: | |
|---|---|
| Outros Autores: | |
| Formato: | Manuscrito Livro |
| Idioma: | eslovaco |
| Publicado em: |
2025
|
| Assuntos: | |
| Acesso em linha: | http://is.stuba.sk/zp/portal_zp.pl?podrobnosti=174682 CRZP |
| Tags: |
Sem tags, seja o primeiro a adicionar uma tag!
|
MARC
| LEADER | 00000ntm a22000003a 4500 | ||
|---|---|---|---|
| 001 | stuzp104397 | ||
| 003 | SK-STU | ||
| 005 | 20250728133359.8 | ||
| 007 | ta | ||
| 008 | 150427s2015----xo-----f-mn---000-0-slo-d | ||
| 040 | |a STU |b slo | ||
| 041 | 0 | |a slo | |
| 100 | 1 | |a Lenčéš, Šimon |u 010110 |4 aut |U SvF Stavebná fakulta |T SvF Katedra betónových konštrukcií a mostov |X 120215 |U V110 |Y 11 |7 120215 | |
| 242 | 0 | 1 | |a Ceiling Slab of the Office Building |y eng |
| 245 | 1 | 0 | |a Stropná konštrukcia administratívnej budovy |
| 260 | |c 2025 | ||
| 650 | 4 | |a Administratívna budova |2 slo | |
| 650 | 4 | |a Nosný systém |2 slo | |
| 650 | 4 | |a Stropná konštrukcia |2 slo | |
| 650 | 4 | |a Office building |2 eng | |
| 650 | 4 | |a Load-bearing system |2 eng | |
| 650 | 4 | |a Floor structure |2 eng | |
| 700 | 1 | |a Sonnenschein, Róbert |u 010110 |k Z1 |4 ths |U SvF Stavebná fakulta |T SvF Katedra betónových konštrukcií a mostov |X 28824 |U V110 |Y 11 |7 A000028824 | |
| 856 | 4 | |u http://is.stuba.sk/zp/portal_zp.pl?podrobnosti=174682 | |
| 856 | 4 | |u https://opac.crzp.sk/?fn=detailBiblioForm&sid=4013D2F8FE5692F45BCC294F6B33 |z CRZP | |